000 00860 a2200205 4500
001 46991
005 20260407155739.0
008 260407a1975 arg spa d
003 AR-UNSa-BCEJYS
040 _aAR-UNSa-BCEJYS
_bspa
_cAR-UNSa-BCEJYS
080 _a657.31
_xPresupuestos. Previsiones. Planes financieros. Estado de flujo de efectivo
245 1 0 _aCash- Flow
_pestado de origen y aplicación de fondos y el control de gestión
250 _a4a.ed.
264 1 _aMéxico :
_bLimusa
_c1975
300 _a262 p.
_c23 cm.
505 _a1. Conceptos básicos I - 2. Conceptos básicos II - 3. Conceptos básicos III - 4. Recursos generados - 5. El estado de origen y aplicación de fondos - 6. Flujos de tesorería. Cash-flow - 7. Aplicaciones del Cash-flow.
942 _cBK
590 _aniveau_biblio:m niveau_hierar:0
100 1 _aRivero Torre, Pedro
999 _c4263
_d4263